Hollywood left and right : (Record no. 2341)

MARC details
000 -LEADER
fixed length control field 00797nam a2200205 a 4500
003 - CONTROL NUMBER IDENTIFIER
control field BD-DhJNU
005 - DATE AND TIME OF LATEST TRANSACTION
control field 20251104064552.0
008 - FIXED-LENGTH DATA ELEMENTS--GENERAL INFORMATION
fixed length control field 110225s2011 nyua b 001 0 eng
020 ## - INTERNATIONAL STANDARD BOOK NUMBER
International Standard Book Number 9780195181722
Qualifying information hbk. : alk. paper
040 ## - CATALOGING SOURCE
Original cataloging agency BD-DhJNU
Language of cataloging ENG
Transcribing agency BD-DhJNU
Modifying agency BD-DhJNU
082 00 - DEWEY DECIMAL CLASSIFICATION NUMBER
Classification number 791.430 ROH
Edition number 23
100 1# - MAIN ENTRY--PERSONAL NAME
Personal name Ross, Steven J.
245 10 - TITLE STATEMENT
Title Hollywood left and right :
Remainder of title how movie stars shaped American politics /
Statement of responsibility, etc. Steven J. Ross
260 ## - PUBLICATION, DISTRIBUTION, ETC.
Place of publication, distribution, etc. New York, NY :
Name of publisher, distributor, etc. Oxford University Press,
Date of publication, distribution, etc. c2011.
300 ## - PHYSICAL DESCRIPTION
Extent xi, 500 p. :
Other physical details ill. ;
Dimensions 25 cm.
504 ## - BIBLIOGRAPHY, ETC. NOTE
Bibliography, etc. note Includes bibliographical references and index..
650 #0 - SUBJECT ADDED ENTRY--TOPICAL TERM
Topical term or geographic name entry element Motion picture industry
Geographic subdivision United States
General subdivision Influence.
650 #0 - SUBJECT ADDED ENTRY--TOPICAL TERM
Topical term or geographic name entry element Motion picture producers and directors
General subdivision Political activity
Geographic subdivision United States
General subdivision History
Chronological subdivision 20th century.
942 ## - ADDED ENTRY ELEMENTS (KOHA)
Koha item type Books
Holdings
Withdrawn status Lost status Source of classification or shelving scheme Damaged status Not for loan Collection Home library Current library Shelving location Date acquired Source of acquisition Total checkouts Full call number Barcode Date last seen Copy number Price effective from Koha item type
    Dewey Decimal Classification     Non-fiction Jagannath University Central Library Jagannath University Central Library General stacks 11/04/2025 Purchased   791.430 ROH JNUCL36005 11/04/2025 1 11/04/2025 Books
    Dewey Decimal Classification     Non-fiction Jagannath University Central Library Jagannath University Central Library General stacks 11/04/2025 Purchased   791.430 ROH JNUCL36006 11/04/2025 2 11/04/2025 Books